Effective Technical Communication (Record no. 557)

MARC details
000 -LEADER
Fixed length control field 00461nam a2200169 4500
003 - CONTROL NUMBER IDENTIFIER
Control field SEACOMMC
005 - DATE AND TIME OF LATEST TRANSACTION
Control field 20250412121848.0
008 - FIXED-LENGTH DATA ELEMENTS--GENERAL INFORMATION
Fixed length control field 240913b |||||||| |||| 00| 0 eng d
020 ## - INTERNATIONAL STANDARD BOOK NUMBER / ISBN
International Standard Book Number 978-0-07-059-952-9
Price Rs.250.00
040 ## - CATALOGING SOURCE
Original cataloging agency SEACOMMC
082 ## - DEWEY DECIMAL CLASSIFICATION NUMBER
Classification number 428
Book Number R 627
100 ## - MAIN ENTRY--PERSONAL NAME
Personal name Rizvi, M Ashraf
245 1# - TITLE STATEMENT
Title Effective Technical Communication
Statement of responsibility M Ashraf Rizvi
260 ## - IMPRINT
Place of publication New Delhi
Name of publisher Tata Mc Graw Hill
Date of publication 2005
650 ## - SUBJECT ADDED ENTRY--TOPICAL TERM
Topical term Technical writing
942 ## - ADDED ENTRY ELEMENTS (KOHA)
Koha item type Books
Holdings
Withdrawn status Lost status Source of classification Damaged status Not for loan Home library Current library Date acquired Total Checkouts Call number Accession number Date last seen Price effective from Koha item type Copy number
    Dewey Decimal Classification     SEACOM MANAGEMENT COLLEGE SEACOM MANAGEMENT COLLEGE 25/09/2007   428 A827 M-152 13/09/2024 13/09/2024 Books  
    Dewey Decimal Classification     SEACOM MANAGEMENT COLLEGE SEACOM MANAGEMENT COLLEGE 25/09/2007   428 A827 M-153 13/09/2024 13/09/2024 Books 1
    Dewey Decimal Classification     SEACOM MANAGEMENT COLLEGE SEACOM MANAGEMENT COLLEGE 25/09/2007   428 A827 M-154 13/09/2024 13/09/2024 Books 2
    Dewey Decimal Classification     SEACOM MANAGEMENT COLLEGE SEACOM MANAGEMENT COLLEGE 25/09/2007   428 A827 M-155 13/09/2024 13/09/2024 Books 3
    Dewey Decimal Classification     SEACOM MANAGEMENT COLLEGE SEACOM MANAGEMENT COLLEGE 25/09/2007   428 A827 M-156 13/09/2024 13/09/2024 Books 4
    Dewey Decimal Classification     SEACOM MANAGEMENT COLLEGE SEACOM MANAGEMENT COLLEGE 25/09/2007   428 A827 M-157 13/09/2024 13/09/2024 Books 5
    Dewey Decimal Classification     SEACOM MANAGEMENT COLLEGE SEACOM MANAGEMENT COLLEGE 25/09/2007   428 A827 M-158 13/09/2024 13/09/2024 Books 6
© Seacom Engineering College, All rights reserved.    Powered by Koha